Responses for Show #5541 - Monday, October 13, 2008

"Think!" music remixed to de-emphasize "leaky faucet" percussion.

Contestants

[<< previous game]

Mary Tuohy, a retired teacher from Groton, Connecticut

Todd Covert, a bookkeeper from Valley Glen, California

Luciano D'Orazio, a social studies teacher from Deer Park, New York (whose 1-day cash winnings total $27,200)

[next game >>]

Jeopardy! Round responses

WORDS FROM GEOGRAPHY
(Alex: Each correct response will be a word that can be formed from the letters in "geography".)
WE'RE TALKING FOOTBALL
HEAD TO THE "SHIRE", SQUIRE
SIGNIFICANT PEOPLE
AGRIBUSINESS
THE U.S. MARINE CORPS
(Kelly: ...from Marine Corps Base Quantico, where every Marine officer is trained. Semper fi.) (Marines: Oo-rah!)
    $200 6
a repo man

Luciano
    $200 1
the Washington Redskins

Luciano
    $200 11
Cheshire

Todd
    $200 16
the Inca

Luciano
    $200 21
chickens

Luciano
    $200 26
a marksman

Luciano
    $400 7
the gopher

Todd
    $400 2
a safety

Luciano
    $400 12
Yorkshire

Todd
    $400 17
(Luciano: What is fly cross-country?)

fly around the world

LucianoTodd
    $400 22
the Napa Valley

Luciano
    $400 27
urban

Luciano
    $600 8
egg

Todd
    $600 3
Joe Montana

Luciano
    $600 13
Worcestershire

Luciano
    $600 18
Michelangelo

Luciano
    $600 23
beef

Luciano
    $600 28
a platoon

Todd
    $800 9
(Luciano: What is peel?)

pare

Luciano
Triple Stumper
    $800 4
Terry Bradshaw

Todd
    $800 14
Nottinghamshire

Luciano
    $800 19
a bug

Todd
    $800 24
Kansas State

Todd
    $800 29
a hull

Todd
    $1000 10
agog

Todd
    $1000 5
the Chicago Bears

Todd
    $2,000 15
(Luciano: What is Lancashire?)

Shropshire

Luciano
    $1000 20
Enron

Todd
    $1000 25
a cooperative

Luciano
    $1000 30
a Beretta

Luciano

Scores at the first commercial break (after clue 15):

Luciano Todd Mary
$0 $4,400 $0

Scores at the end of the Jeopardy! Round:

Luciano Todd Mary
$4,200 $8,800 $0

Double Jeopardy! Round responses

WORDS FROM GEOGRAPHY
(Alex: But not words that can be made from the letters in "geography".)
FLESH-EATERS!
"F" IS FOR FYSICS
ORGANIZATIONAL NAME CHANGES
A PASSAGE TO INDIA
FAMOUS ELEPHANTS
    $400 2
a frankfurter

Luciano
    $400 8
I Am Legend

Luciano
    $400 26
force

Luciano
    $400 21
cigars & pipes

Luciano
    $400 13
the Himalayas

Luciano
    $400 1
Hannibal

Todd
    $800 3
(Todd: What is, uh, Roman?)

romance

ToddMary
    $800 9
28 Weeks Later

Todd
    $2,000 27
(Luciano: What are flow dynamics?)

fluid

Luciano
    $800 22
Planned Parenthood

Luciano
    $800 14
the Taj Mahal

Todd
    $800 4
Jumbo

Luciano
    $1200 5
to meander

Todd
    $1200 10
Resident Evil

Luciano
    $1200 28
Faraday

Triple Stumper
    $1200 23
the janitors

Triple Stumper
    $1200 15
[Luciano gave both responses.]

Calcutta (or Kolkata)

Luciano
    $1200 18
Thomas Edison

Luciano
    $3,000 6
a Neanderthal

Todd
    $1600 11
Re-Animator

Todd
    $1600 29
fluorescent

Todd
    $1600 24
disabilities

Luciano
    $1600 16
Bhopal

Luciano
    $1600 19
Charlemagne

Luciano
    $2000 7
(Luciano: What is a solipsism?)

a solecism

Luciano
Triple Stumper
    $2000 12
Black Sheep

Luciano
    $2000 30
flavors

Mary
    $2000 25
lymphoma

Luciano
    $2000 17
Kashmir

Triple Stumper
    $2000 20
(Alex: The highest is Kilimanjaro. The second highest is [*].)

Mount Kenya

Triple Stumper

Scores at the end of the Double Jeopardy! Round:

Luciano Todd Mary
$16,200 $17,400 $2,800

[wagering suggestions for these scores]

Final Jeopardy! Round responses

HISTORICAL SHAKESPEARE
(Alex: The woman is also a character in the play.)
MaryWho is Joan of Arc?
$0
LucianoWho is Isabella?
$16,200
ToddWho is Joan of Arc?
$15,001
Joan of Arc

Final scores:

Luciano Todd Mary
$0 $32,401 $2,800
3rd place: $1,000 New champion: $32,401 2nd place: $2,000

Game dynamics:

Coryat scores:

Luciano Todd Mary
$20,200 $16,000 $2,800
30 R,
5 W
(including 2 DDs)
20 R
(including 1 DD),
1 W
2 R,
0 W

Combined Coryat: $39,000

[game clues] [game scores] [suggest correction]

Game tape date: 2008-08-26
The J! Archive is created by fans, for fans. Scraping, republication, monetization, and malicious use prohibited; this site may use cookies and collect identifying information. See terms. The Jeopardy! game show and all elements thereof, including but not limited to copyright and trademark thereto, are the property of Jeopardy Productions, Inc. and are protected under law. This website is not affiliated with, sponsored by, or operated by Jeopardy Productions, Inc. Join the discussion at JBoard.tv.